| 000 | 01622nam a22003857a 4500 | ||
|---|---|---|---|
| 001 | 00284 | ||
| 003 | DO-SdBNP | ||
| 005 | 20180312135730.0 | ||
| 007 | 00284 | ||
| 008 | 160427b dr 2004||||| |||| 00| 0 spa d | ||
| 020 | _a9788482615356 (v. 6) Guía | ||
| 020 | _a9788482616599 (v. 6) Cuaderno | ||
| 020 | _a9788482616698 (v. 6) Álbum | ||
| 040 |
_aBPMSU _bspa _cBPMSU |
||
| 092 |
_a372.257 _bG934n 6to. 2004 |
||
| 100 | 1 | _aGuerrero, Ángela | |
| 245 | 1 |
_aNaturaleza 6 : _b[educación básica] _cÁngela Guerrero , Raquel Rodríguez ; dirección editorial Obdulia García de Escobar ; editora Claudia Llibre |
|
| 300 |
_a3 v. : _bil. retrs. _c28 cm. |
||
| 490 | _aÁmbar | ||
| 500 | _aLa biblioteca posee guía y cuaderno | ||
| 505 | 0 |
_tLa materia -- _tCalor y temperatura -- _tEstados de la materia -- _tLa luz -- _tDe la célula al ecosistema -- _tLa fotosíntesis -- _tLa alimentación -- _tLa respiración y su higiene -- _tLa circulación y el transporte -- _tLa excreción -- _tLa reproducción -- _tLa reproducción humana. |
|
| 650 |
_aCIENCIAS NATURALES _xENSEÑANZA BÁSICA |
||
| 650 | 4 |
_aCIENCIAS NATURALES _xLIBROS DE TEXTOS |
|
| 650 | 4 |
_aCIENCIAS NATURALES _xESTUDIOS Y EJERCICIOS |
|
| 650 | 4 |
_aCIENCIAS NATURALES _xEDUCACIÓN PRIMARIA |
|
| 650 | 4 |
_aEDUCACIÓN PRIMARIA _zREPÚBLICA DOMINICANA |
|
| 700 | 1 | 2 | _aRodríguez, Raquel |
| 700 | 1 | 2 |
_aGarcía de Escobar, Obdulia, _eed. |
| 700 | 1 | 2 |
_aLlibre, Claudia, _eed. |
| 830 | 0 | _aÁmbar | |
| 910 | _aValidado. Control de calidad MFF | ||
| 942 |
_2ddc _cBK |
||
| 945 | _aRemanejado para la BNPHU / 2018 VM | ||
| 956 |
_aBTAVÁREZ _b10 _c20160429 _d00284 |
||
| 999 |
_c9943 _d9943 |
||